Szolgálati pragmatika I.

Elmentve itt :
Bibliográfiai részletek
Szerző: Göllner Károly
Dokumentumtípus: Cikk
Megjelent: 1898
Sorozat:Magyar pedagógia : a Magyar Tudományos Akadémia Pedagógiai Bizottságának folyóirata 7
Kulcsszavak:Szolgálati szabályzat tanárok 1898, Szolgálati szabályzat
Online Access:http://misc.bibl.u-szeged.hu/7383
LEADER 00683nab a2200181 i 4500
001 misc7383
005 20191106144214.0
008 170607s1898 hu o 0|| hun d
022 |a 0025-0260 
040 |a SZTE Miscellanea Repozitórium  |b hun 
041 |a hun 
100 1 |a Göllner Károly 
245 1 0 |a Szolgálati pragmatika I.  |h [elektronikus dokumentum] /  |c  Göllner Károly 
260 |c 1898 
300 |a 135-139 
490 0 |a Magyar pedagógia : a Magyar Tudományos Akadémia Pedagógiai Bizottságának folyóirata  |v 7 
695 |a Szolgálati szabályzat tanárok 1898, Szolgálati szabályzat 
856 4 0 |u http://misc.bibl.u-szeged.hu/7383/1/mp_1898_0512_135-139.pdf  |z Dokumentum-elérés